|
|
|
|
| LEADER |
03503nam a22005417i 4500 |
| 001 |
39939 |
| 003 |
BD-DhAAL |
| 008 |
221102t2017 caua b 001 0 eng d |
| 999 |
|
|
|c 44785
|d 44785
|
| 010 |
|
|
|a 2017446970
|
| 020 |
|
|
|a 144939292X
|
| 020 |
|
|
|a 9781449392925
|
| 020 |
|
|
|a 9789352135400
|
| 035 |
|
|
|a (OCoLC)ocn948548862
|
| 040 |
|
|
|a YDXCP
|b eng
|c YDXCP
|e rda
|d OCLCQ
|d JBL
|d GP5
|d CZA
|d INR
|d OCLCF
|d TXI
|d OCL
|d IBI
|d CHVBK
|d OCLCO
|d DLC
|d BD-DhAAL
|
| 042 |
|
|
|a lccopycat
|
| 050 |
0 |
0 |
|a QA76.73.P98
|b M37 2017
|
| 082 |
0 |
4 |
|a 005.133
|2 23
|
| 100 |
1 |
|
|a Martelli, Alex,
|e author.
|9 52142
|
| 245 |
1 |
0 |
|a Python in a nutshell /
|c Alex Martelli, Anna Ravenscroft, and Steve Holden.
|
| 246 |
|
|
|a Python in a nutshell :
|b a desktop quick reference
|
| 250 |
|
|
|a Third edition.
|
| 264 |
|
1 |
|a Sebastopol, CA :
|b O'Reilly Media,
|c 2017.
|
| 300 |
|
|
|a xiv, 749 pages :
|b illustrations ;
|c 23 cm.
|
| 490 |
1 |
|
|a In a nutshell
|
| 504 |
|
|
|a Includes bibliographical references and index.
|
| 505 |
0 |
|
|a Introduction to Python -- The Python interpreter -- The Python language -- Object-oriented Python -- Exceptions -- Modules -- Core built-ins and standard library modules -- Strings and things -- Regular expressions -- File and text operations -- Persistence and databases -- Time operations -- Controlling execution -- Threads and processes -- Numeric processing -- testing, debugging, and optimizing -- Network basics -- Asynchronous alternatives -- Client-side network protocol modules -- Serving HTTP -- Email, MIME, and other network encodings -- Structured text: HTML -- Structured text: XML -- Extending and embedding classic Python -- Distributing extensions and programs -- v2/v3 migration and coexistence.
|
| 520 |
|
|
|a This book provides a quick reference to the language, including Python 3.5, 2.7 and highlights of 3.6. It covers a wide range of application areas, including web and network programming, XML handling, database interactions, and high-speed numeric computing
|
| 526 |
|
|
|a CSE
|
| 541 |
|
|
|a Book Finder International
|e 39939, 39940, 39941
|
| 650 |
|
0 |
|a Python (Computer program language).
|9 52143
|
| 650 |
|
0 |
|a Scripting languages (Computer science).
|9 52144
|
| 650 |
|
4 |
|a COMPUTERS / Programming Languages / Python.
|9 52145
|
| 650 |
|
4 |
|a COMPUTERS / Programming / Object Oriented.
|9 52146
|
| 650 |
|
4 |
|a COMPUTERS / Reference.
|9 52147
|
| 650 |
|
7 |
|a Scripting languages (Computer science)
|2 fast
|9 52144
|
| 650 |
|
7 |
|a Python (Computer program language)
|2 fast
|9 52143
|
| 650 |
|
7 |
|a Python 2.7
|2 gnd
|9 52148
|
| 650 |
|
7 |
|a Python 3.5
|2 gnd
|9 52149
|
| 650 |
|
7 |
|a Python 3.6
|2 gnd
|9 52150
|
| 700 |
1 |
|
|a Ravenscroft, Anna Martelli,
|e author.
|9 52151
|
| 700 |
1 |
|
|a Holden, Steve,
|d 1950-
|e author.
|9 52152
|
| 830 |
|
0 |
|a In a nutshell (O'Reilly & Associates)
|9 52153
|
| 852 |
|
|
|a Ayesha Abed Library
|c General Stacks
|
| 942 |
|
|
|2 ddc
|c BK
|
| 952 |
|
|
|0 0
|1 0
|2 ddc
|4 0
|6 005_133000000000000_MAR
|7 0
|9 72186
|a BRACUL
|b BRACUL
|c GEN
|d 2022-10-27
|e Book Finder International
|g 2581.17
|l 6
|m 102
|o 005.133 MAR
|p 3010039940
|r 2026-01-14
|s 2025-05-24
|t 2
|v 2581.17
|w 2022-10-27
|y BK
|
| 952 |
|
|
|0 0
|1 0
|2 ddc
|4 0
|6 005_133000000000000_MAR
|7 0
|9 72187
|a BRACUL
|b BRACUL
|c GEN
|d 2022-10-27
|e Book Finder International
|g 2581.17
|l 1
|m 6
|o 005.133 MAR
|p 3010039941
|q 2025-10-08
|r 2022-11-07
|s 2022-11-07
|t 3
|v 2581.17
|w 2022-10-27
|y BK
|
| 952 |
|
|
|0 0
|1 0
|2 ddc
|4 0
|6 005_133000000000000_MAR
|7 0
|9 72188
|a BRACUL
|b BRACUL
|c GEN
|d 2022-10-27
|e Book Finder International
|g 2581.17
|l 8
|m 63
|o 005.133 MAR
|p 3010039939
|r 2026-01-27
|s 2025-07-10
|t 1
|v 2581.17
|w 2022-10-27
|y BK
|